Saps com buscar feina a l'Administració pública?
Descripción Física:
1 fulletó ; il·lustracions color ; 10 x 21 cm
Materias:
Barcelona (Catalunya : Província). -- Cercador d’Informació i Documentació Oficials
; Ocupació, Cerca d'
; Funció pública -- Oferta i demanda
Idioma:
Catalán
MARC
| LEADER | 00000nam a22000007a 4500 | ||
|---|---|---|---|
| 001 | 28004 | ||
| 003 | Arxiu | ||
| 005 | 20260324181518.0 | ||
| 008 | 230612b spa||||| |||| 00| 0 cat d | ||
| 017 | |a B 9062-2019 | ||
| 040 | |a agdb |b cat | ||
| 245 | |a Saps com buscar feina a l'Administració pública? | ||
| 260 | |a Barcelona : |b Diputació de Barcelona. Cercador d'Informació i Documents Oficials ; |c 2019 | ||
| 300 | |a 1 fulletó ; |b il·lustracions color ; |c 10 x 21 cm | ||
| 500 | |a 25 anys del CIDO. | ||
| 610 | 2 | 0 | |9 54955 |a Barcelona (Catalunya : Província). |b Cercador d’Informació i Documentació Oficials |
| 650 | 0 | |9 36515 |a Ocupació, Cerca d' | |
| 650 | 0 | |9 55840 |a Funció pública |x Oferta i demanda | |
| 710 | 2 | |9 54955 |a Barcelona (Catalunya : Província). |b Cercador d’Informació i Documentació Oficials | |
| 942 | |2 udc |c ARXIU |n 1 | ||
| 952 | |0 0 |1 0 |2 udc |4 0 |6 FU7622 |7 1 |9 66475 |a Arxiu |b Arxiu |d 2023-06-12 |l 0 |o FU-76-22 |p 28004 |r 2023-06-12 00:00:00 |w 2023-06-12 |y ARXIU | ||
| 999 | |c 83807 |d 83807 | ||